Popularne prezenty z okazji ślubu - Statystyki

Ogólne statystyki
  • Ten quiz został rozwiązany 254 razy
    171 od ostatniego zresetowania
  • Średni wynik to 4 z 13
Statystyki odpowiedzi
Odpowiedz % Poprawnych
Pieniądze
94%
Kwiaty
77%
Wino
54%
Pościel
28%
Biżuteria
24%
Garnki
24%
Zdrapki
24%
Ręczniki
16%
Sprzęt AGD
12%
Elektronika | Smartwatch | Konsola | Komputer
11%
Kupon na loterię
5%
Hulajnoga Elektryczna
2%
Rower Elektryczny
1%
Nie znaleziono quizów pasujących do podanych kryteriów
Rozkład punktacji
Procent ludzi z każdym wynikiem
Percentyl według liczby udzielonych odpowiedzi
Twoja historia wyników
Nie rozwiązałeś tego quizu od ostatniego zresetowania